|
|
|
|
| LEADER |
00000cam a22000004a 4500 |
| 001 |
musev2_52262 |
| 003 |
MdBmJHUP |
| 005 |
20230905045556.0 |
| 006 |
m o d |
| 007 |
cr||||||||nn|n |
| 008 |
140811t20142014miu o 00 0 eng d |
| 010 |
|
|
|z 2020718567
|
| 020 |
|
|
|a 9780472901630
|
| 020 |
|
|
|z 9781929280841
|
| 020 |
|
|
|z 9781929280834
|
| 035 |
|
|
|a (OCoLC)1017612442
|
| 040 |
|
|
|a MdBmJHUP
|c MdBmJHUP
|
| 245 |
0 |
0 |
|a Going to Court to Change Japan :
|b Social Movements and the Law in Contemporary Japan /
|c edited by Patricia G. Steinhoff.
|
| 264 |
|
1 |
|a Ann Arbor, MI :
|b Center for Japanese Studies, The University of Michigan,
|c 2014.
|
| 264 |
|
3 |
|a Baltimore, Md. :
|b Project MUSE,
|c 2018
|
| 264 |
|
4 |
|c ©2014.
|
| 300 |
|
|
|a 1 online resource (187 pages).
|
| 336 |
|
|
|a text
|b txt
|2 rdacontent
|
| 337 |
|
|
|a computer
|b c
|2 rdamedia
|
| 338 |
|
|
|a online resource
|b cr
|2 rdacarrier
|
| 490 |
0 |
|
|a Michigan Monograph Series in Japanese Studies ;
|v no. 77
|
| 505 |
0 |
|
|a Introduction / Patricia G. Steinhoff -- No helmets in court, no t-shirts on death row : new left trial support groups / Patricia G. Steinhoff -- Karōshi activism and recent trends in Japanese civil society : creating credible knowledge and culture / Scott North -- Courting justice, contesting "bureaucratic informality" : the Sayama case and the evolution of Buraku liberation politics / John H. Davis, Jr. -- Becoming unforgettable : leveraging law for labor in struggles for employment security / Christena Turner -- Suing for redress : Japanese consumer organizations and the courts / Patricia L. Maclachlan -- No voice in the courtroom : deaf legal cases in the 1960s / Karen Nakamura -- Cause lawyering in Japan : reflections on the case studies and justice reform / Daniel H. Foote.
|
| 506 |
0 |
|
|a Open Access
|f Unrestricted online access
|2 star
|
| 588 |
|
|
|a Description based on print version record.
|
| 650 |
|
7 |
|a Sociological jurisprudence.
|2 fast
|0 (OCoLC)fst01123856
|
| 650 |
|
7 |
|a Social policy.
|2 fast
|0 (OCoLC)fst01122738
|
| 650 |
|
7 |
|a Procedure (Law)
|2 fast
|0 (OCoLC)fst01077984
|
| 650 |
|
7 |
|a Law
|x Social aspects.
|2 fast
|0 (OCoLC)fst00993813
|
| 650 |
|
7 |
|a Law reform.
|2 fast
|0 (OCoLC)fst00994081
|
| 650 |
|
7 |
|a Justice, Administration of.
|2 fast
|0 (OCoLC)fst00985154
|
| 650 |
|
7 |
|a Courts.
|2 fast
|0 (OCoLC)fst00881747
|
| 650 |
|
6 |
|a Sociologie juridique.
|
| 650 |
|
6 |
|a Procedure (Droit)
|z Japon.
|
| 650 |
|
6 |
|a Tribunaux
|z Japon.
|
| 650 |
|
6 |
|a Droit
|x Reforme
|z Japon.
|
| 650 |
|
0 |
|a Sociological jurisprudence.
|
| 650 |
|
0 |
|a Procedure (Law)
|z Japan.
|
| 650 |
|
0 |
|a Law
|x Social aspects
|z Japan.
|
| 650 |
|
0 |
|a Law reform
|z Japan.
|
| 650 |
|
0 |
|a Justice, Administration of
|z Japan.
|
| 650 |
|
0 |
|a Courts
|z Japan.
|
| 651 |
|
7 |
|a Japan.
|2 fast
|0 (OCoLC)fst01204082
|
| 651 |
|
0 |
|a Japan
|x Social policy.
|
| 655 |
|
7 |
|a Electronic books.
|2 local
|
| 700 |
1 |
|
|a Steinhoff, Patricia G.,
|d 1941-
|e editor.
|
| 710 |
2 |
|
|a Project Muse.
|e distributor
|
| 830 |
|
0 |
|a Book collections on Project MUSE.
|
| 856 |
4 |
0 |
|z Texto completo
|u https://projectmuse.uam.elogim.com/book/52262/
|
| 945 |
|
|
|a Project MUSE - Archive Complete Supplement VI
|
| 945 |
|
|
|a Project MUSE - Archive Political Science and Policy Studies Supplement VI
|
| 945 |
|
|
|a Project MUSE - Archive Asian and Pacific Studies Supplement V
|